[Event "Indywidualne Mistrzostwa Polski Juniorow do lat 18 - Dziewczeta"]
[Site "Szklarska Poreba"]
[Date "1899-12-30"]
[Round "1.1"]
[White "Sliwicka, Alicja"]
[Black "Krzywnicka, Maria"]
[Result "1-0"]
[WhiteTitle "WIM"]
[BlackTitle "I++"]
[WhiteElo "2264"]
[BlackElo "1703"]

1. e4 c5 2. Nf3 d6 3. d4 cxd4 4. Nxd4 Nf6 5. Nc3 a6 6. Nb3 g6 7. Be2 Bg7 8. g4
Nc6 9. g5 Nd7 10. Be3 b5 11. Qd2 Bb7 12. O-O-O Rc8 13. Kb1 Nb6 14. Bxb6 Qxb6 15.
f4 Nb4 16. Nd5 Nxd5 17. exd5 O-O 18. h4 Rc7 19. h5 Rfc8 20. Rc1 b4 21. hxg6 hxg6
22. f5 gxf5 23. Rh4 e5 24. Rxb4 Qf2 25. c4 f4 26. Bg4 Qxd2 27. Nxd2 Rd8 28. Ne4
Bf8 29. Rb6 Be7 30. b3 Kg7 31. Rh1 a5 32. a4 Bc8 33. Bxc8 Rcxc8 34. Rb7 Re8 35.
Rxe7 Rxe7 36. Nxd6 Ree8 37. Nxc8 Rxc8 38. Kc2 Kg6 39. Kd3 Kf5 40. d6 e4+ 41. Kd4
e3 42. c5 Ke6 43. Re1 Rb8 44. Ke4 Rb4+ 45. Kf3 Kd7 46. Rc1 Kc6 47. Rd1 Rb7 48.
Kxf4 e2 49. Re1 Kxc5 50. Ke5 Rxb3 51. Rxe2 Rd3 52. Rc2+ Kb4 53. Rc7 Kxa4 54. Rxf7
Kb3 55. g6 1-0

[Event "Indywidualne Mistrzostwa Polski Juniorow do lat 18 - Dziewczeta"]
[Site "Szklarska Poreba"]
[Date "1899-12-30"]
[Round "1.2"]
[White "Koruch, Maria"]
[Black "Kucharska, Honorata"]
[Result "0-1"]
[WhiteTitle "I+"]
[BlackTitle "WFM"]
[WhiteElo "1685"]
[BlackElo "2089"]

1. e4 e6 2. d4 d5 3. Nc3 Nf6 4. e5 Nfd7 5. f4 c5 6. Nf3 Nc6 7. Be3 cxd4 8. Nxd4
Bc5 9. Qd2 a6 10. O-O-O O-O 11. g4 Bxd4 12. Bxd4 b5 13. Qf2 Bb7 14. Kb1 b4 15.
Ne2 a5 16. h4 a4 17. Rh3 Qa5 18. f5 Qc7 19. Nf4 Nxd4 20. Qxd4 Rac8 21. c3 Rfe8
22. fxe6 fxe6 23. Qxb4 Nxe5 24. Qd4 Nc4 25. Bxc4 dxc4 26. Qe3 Qc6 27. Nh5 Rcd8
28. Rf1 Qg2 29. Rg1 Be4+ 30. Ka1 Qc2 31. Qc1 Rd2 32. Qxc2 Bxc2 33. Rhg3 Red8 34.
Rc1 e5 35. Rgg1 e4 36. Nf4 e3 37. Ne6 Re8 38. Nd4 Bd3 39. Rge1 Rf2 40. a3 Rf4
41. Rg1 e2 42. Rce1 Rf1 43. Nxe2 Rxe1+ 44. Rxe1 Rxe2 45. Rg1 Rf2 0-1

[Event "Indywidualne Mistrzostwa Polski Juniorow do lat 18 - Dziewczeta"]
[Site "Szklarska Poreba"]
[Date "1899-12-30"]
[Round "1.3"]
[White "Rudzinska, Michalina"]
[Black "Orlik, Sandra"]
[Result "1-0"]
[WhiteTitle "WFM"]
[BlackTitle "I++"]
[WhiteElo "2065"]
[BlackElo "1681"]

1. e4 c5 2. Nf3 e6 3. d4 cxd4 4. Nxd4 a6 5. Bd3 Bc5 6. Nb3 Be7 7. Qg4 Bf6 8. Qg3
Nc6 9. Nc3 Nge7 10. Bf4 e5 11. Bd2 d5 12. exd5 Nxd5 13. Be4 Nxc3 14. Bxc3 O-O
15. O-O Re8 16. Rfe1 Bh4 17. Qf3 Bd7 18. Rad1 Qe7 19. Bxh7+ Kxh7 20. Qd3+ Kg8
21. Qxd7 Rac8 22. Qg4 Rcd8 23. g3 Bf6 24. Nd2 g6 25. h4 b5 26. a3 a5 27. Qf3 Nd4
28. Bxd4 Rxd4 29. Ne4 Rxd1 30. Rxd1 Bg7 31. Rd5 Rb8 32. Qd3 f5 33. Rd7 Qf8 34.
Ng5 Qe8 35. Qd6 e4 36. Re7 Qd8 37. Qe6+ 1-0

[Event "Indywidualne Mistrzostwa Polski Juniorow do lat 18 - Dziewczeta"]
[Site "Szklarska Poreba"]
[Date "1899-12-30"]
[Round "1.4"]
[White "Dwilewicz, Agata"]
[Black "Kaczmarska, Joanna"]
[Result "0-1"]
[WhiteTitle "k"]
[BlackTitle "k+"]
[WhiteElo "1674"]
[BlackElo "2048"]

1. d4 d5 2. Nf3 Nf6 3. g3 e6 4. Bg2 c5 5. b3 cxd4 6. Nxd4 e5 7. Nf3 Nc6 8. O-O
Bc5 9. e3 Bg4 10. h3 Bh5 11. g4 Bg6 12. Bb2 Qd6 13. Nc3 O-O-O 14. a3 Bb6 15. b4
e4 16. Nb5 Qe7 17. Nfd4 Ne5 18. a4 Nc4 19. Bc3 a5 20. bxa5 Bc5 21. Rb1 h5 22.
Nf5 Bxf5 23. gxf5 Nxe3 24. fxe3 Ng4 25. Bd4 Nxe3 26. Qe2 Nxf1 27. Rxf1 Bxd4+ 28.
Nxd4 Qc5 29. Qe3 Rh6 30. Rb1 Qxa5 31. Nb5 b6 32. Qd4 Qa8 33. Rb3 Rc6 34. Rc3 Rd7
35. Qxg7 Rxc3 36. Qxc3+ Kb7 37. Qd4 Qc8 38. Kh1 Qxc2 39. Nc3 Qc1+ 40. Kh2 Qf4+
41. Kh1 Qc1+ 42. Kh2 Qb2 43. Kh1 Kc8 44. Qh8+ Rd8 45. Qf6 Qc1+ 46. Kh2 Qf4+ 47.
Kh1 Rd6 48. Qd4 Rc6 49. Ne2 Qxf5 50. Kh2 f6 51. Qb4 Qe5+ 52. Kh1 Kb7 53. Kg1 Rc2
54. Qb5 Rc5 55. Qd7+ Rc7 56. Qb5 f5 57. Kf2 f4 58. a5 Qd6 59. axb6 Rf7 60. Nd4
Rf6 61. Qa5 e3+ 62. Ke2 Qxb6 63. Bxd5+ Kc7 64. Qc3+ Kd7 65. Bb3 Rg6 66. Bd5 Rd6
67. Qc4 Qb2+ 68. Nc2 Qe5 69. Qb5+ Ke7 70. Qb7+ Rd7 71. Qb4+ Kf6 72. Be4 Rd2+ 73.
Ke1 Rd6 74. h4 f3 75. Nxe3 Qg3+ 76. Kf1 Rd1+ 0-1

[Event "Indywidualne Mistrzostwa Polski Juniorow do lat 18 - Dziewczeta"]
[Site "Szklarska Poreba"]
[Date "1899-12-30"]
[Round "1.5"]
[White "Frej, Zofia"]
[Black "Bilczewska, Olga"]
[Result "1-0"]
[WhiteTitle "k"]
[BlackTitle "I+"]
[WhiteElo "2010"]
[BlackElo "1670"]

1. e4 c5 2. Nf3 g6 3. d4 Bg7 4. c3 cxd4 5. cxd4 d5 6. exd5 Nf6 7. Qa4+ Nbd7 8.
Nc3 O-O 9. Bd3 a6 10. Qb3 b5 11. a4 bxa4 12. Rxa4 Nb6 13. Ra3 Bb7 14. Be3 Nfxd5
15. Ne4 Nf6 16. Nc5 Bxf3 17. gxf3 a5 18. Nb7 Qc7 19. Nxa5 Rfd8 20. Nc4 Rxa3 21.
bxa3 Nfd5 22. O-O Ra8 23. Nxb6 Nxb6 24. Be4 Rb8 25. Rc1 Qd6 26. Rc6 Qd8 27. Bf4
Rb7 28. a4 Qxd4 29. Be3 Qa1+ 30. Rc1 Qxa4 31. Qxa4 Nxa4 32. Rc8+ 1-0

[Event "Indywidualne Mistrzostwa Polski Juniorow do lat 18 - Dziewczeta"]
[Site "Szklarska Poreba"]
[Date "1899-12-30"]
[Round "1.6"]
[White "Trembowiecka-wysota, Aleksandra"]
[Black "Moscicka, Pola"]
[Result "1-0"]
[WhiteTitle "I"]
[BlackTitle "k++"]
[WhiteElo "1669"]
[BlackElo "1994"]

1. e4 c5 2. Nf3 Nc6 3. d4 cxd4 4. Nxd4 Nf6 5. Nc3 e5 6. Ndb5 d6 7. Bg5 a6 8. Na3
b5 9. Nd5 Be7 10. Bxf6 Bxf6 11. c3 Bg5 12. Bd3 O-O 13. O-O Kh8 14. Nc2 g6 15.
f4 exf4 16. Nxf4 Ne5 17. Be2 Bb7 18. Nd5 Rc8 19. a4 bxa4 20. Rxa4 a5 21. Qd4 Bh6
22. Rd1 Bc6 23. Ra2 Bg7 24. Qb6 Qh4 25. Qe3 Rce8 26. Rxa5 f5 27. g3 Qd8 28. Ra6
fxe4 29. Ndb4 Qc7 30. Nxc6 Nxc6 31. Bb5 Qb7 32. Rb6 Qf7 33. Bxc6 Bh6 34. Qe2 Qa7
35. Qa6 Qf7 36. Rf1 Qe7 37. Bxe8 Rxe8 38. Rb7 Qe6 39. Qa7 1-0

[Event "Indywidualne Mistrzostwa Polski Juniorow do lat 18 - Dziewczeta"]
[Site "Szklarska Poreba"]
[Date "1899-12-30"]
[Round "1.7"]
[White "Szelag, Zuzanna"]
[Black "Ossolinska, Matylda"]
[Result "1/2-1/2"]
[WhiteTitle "k"]
[BlackTitle "I+"]
[WhiteElo "1977"]
[BlackElo "1665"]

1. e4 e6 2. d4 d5 3. Nd2 dxe4 4. Nxe4 Nd7 5. Bd3 Ngf6 6. Qe2 Nxe4 7. Bxe4 c5 8.
Nf3 Qc7 9. O-O Be7 10. Rd1 O-O 11. b3 Nf6 12. Bd3 b6 13. Bb2 Bb7 14. dxc5 Qxc5
15. Ne5 Rfd8 16. Bc1 Bd6 17. Ng4 Nxg4 18. Qxg4 Qe5 19. Qh3 h6 20. Be3 Bc7 21.
Re1 Qf6 22. Rad1 Rac8 23. Bd2 Bf4 24. Bxf4 Qxf4 25. Re3 Kf8 26. Rde1 Rd6 27. Qh5
Rcd8 28. Qe2 Qf6 29. Rg3 a5 30. Qe3 Qd4 31. Qe2 Qb2 32. a4 Qd4 33. Rg4 Qc3 34.
Rc4 Qf6 35. Qe3 Qe7 36. Qf4 Ba6 37. Rc3 Bxd3 38. cxd3 Rxd3 39. Qc4 Rd1 40. Rc1
Rxe1+ 41. Rxe1 Qd6 42. h3 Qd5 1/2-1/2

[Event "Indywidualne Mistrzostwa Polski Juniorow do lat 18 - Dziewczeta"]
[Site "Szklarska Poreba"]
[Date "1899-12-30"]
[Round "1.8"]
[White "Guzik, Natalia"]
[Black "Sowa, Wiktoria"]
[Result "0-1"]
[WhiteTitle "I++"]
[BlackTitle "k"]
[WhiteElo "1662"]
[BlackElo "1954"]

1. e4 c5 2. Nf3 Nc6 3. d4 cxd4 4. Nxd4 Nf6 5. Nc3 e5 6. Ndb5 d6 7. Nd5 Nxd5 8.
exd5 Nb8 9. c4 Be7 10. Be3 a6 11. Nc3 O-O 12. Bd3 f5 13. f3 Nd7 14. O-O Bg5 15.
Qd2 Bxe3+ 16. Qxe3 Nc5 17. Bc2 a5 18. Na4 Nxa4 19. Bxa4 f4 20. Qf2 Bf5 21. c5
dxc5 22. Qxc5 Rc8 23. Qb5 e4 24. fxe4 Bxe4 25. Rae1 Bg6 26. Qxb7 Rb8 27. Qa7 Rxb2
28. Re7 Bf7 29. d6 f3 30. Rxf3 Rb1+ 31. Kf2 Rb2+ 32. Ke3 Qxd6 33. Rfxf7 Qd2+ 34.
Ke4 Rb4+ 35. Ke5 Qg5+ 36. Kd6 Rxf7 37. Rxf7 Qg6+ 38. Kc5 Rxa4 39. Rd7 Qc2+ 40.
Kb5 Rb4+ 41. Ka6 Qc6+ 42. Kxa5 Qa4# 0-1

[Event "Indywidualne Mistrzostwa Polski Juniorow do lat 18 - Dziewczeta"]
[Site "Szklarska Poreba"]
[Date "1899-12-30"]
[Round "1.9"]
[White "Raczykowska, Paulina"]
[Black "Zamarska, Sylwia"]
[Result "1-0"]
[WhiteTitle "k"]
[BlackTitle "I++"]
[WhiteElo "1936"]
[BlackElo "1657"]

1. e4 c6 2. d4 d5 3. e5 c5 4. Nf3 Bg4 5. c3 Nc6 6. Bb5 e6 7. Bxc6+ bxc6 8. Qa4
Qc7 9. Nbd2 Nh6 10. O-O Be7 11. h3 Bf5 12. dxc5 Bd3 13. Re1 Bxc5 14. Nb3 Bb5 15.
Qf4 Bb6 16. a4 Bc4 17. a5 Bxf2+ 18. Kxf2 Bxb3 19. Nd4 Bc4 20. Qg3 Kf8 21. Bxh6
gxh6 22. Qf4 Ke8 23. Qxh6 Kd7 24. Nxe6 fxe6 25. Qg7+ Kc8 26. Qxh8+ Kb7 27. Qf6
Qd7 28. Re3 Rg8 29. b3 Ba6 30. Ra4 c5 31. Qf3 Rg7 32. Rf4 Kc7 33. g3 d4 34. cxd4
cxd4 35. Re1 d3 36. Rc1+ Kd8 37. Rf8+ Ke7 38. Qf6# 1-0

[Event "Indywidualne Mistrzostwa Polski Juniorow do lat 18 - Dziewczeta"]
[Site "Szklarska Poreba"]
[Date "1899-12-30"]
[Round "1.10"]
[White "Trusz, Julia"]
[Black "Swiech, Joanna"]
[Result "0-1"]
[WhiteTitle "I+"]
[BlackTitle "k"]
[WhiteElo "1635"]
[BlackElo "1921"]

1. e4 e5 2. Nf3 Nc6 3. d4 exd4 4. Nxd4 Nf6 5. Nxc6 bxc6 6. Qe2 Qe7 7. Nc3 d6 8.
Bf4 g6 9. O-O-O Nh5 10. Be3 Bg7 11. Qc4 Bd7 12. Be2 Nf6 13. h4 h5 14. Kb1 O-O
15. Bd4 Qe6 16. Qxe6 Bxe6 17. Bf3 Nd7 18. Bxg7 Kxg7 19. Rhe1 Rab8 20. Ne2 Ne5
21. Nd4 c5 22. Nxe6+ fxe6 23. Re3 Rf4 24. Ra3 Rb7 25. Kc1 Rxh4 26. g3 Rh2 27.
Rf1 Nc4 28. Rb3 Rxb3 29. axb3 Ne5 30. Be2 h4 31. gxh4 Rxh4 32. f3 Rh2 33. Kd2
Nc6 34. c3 Na5 35. Re1 Nxb3+ 36. Ke3 Kf6 0-1

[Event "Indywidualne Mistrzostwa Polski Juniorow do lat 18 - Dziewczeta"]
[Site "Szklarska Poreba"]
[Date "1899-12-30"]
[Round "1.11"]
[White "Kulpa, Zuzanna"]
[Black "Sivickis, Wiktoria"]
[Result "1-0"]
[WhiteTitle "I++"]
[BlackTitle "I++"]
[WhiteElo "1870"]
[BlackElo "1611"]

1. d4 Nf6 2. c4 g6 3. Nc3 Bg7 4. e4 d6 5. f3 O-O 6. Bg5 Nbd7 7. Qd2 e5 8. d5 Qe7
9. Nh3 Re8 10. Nf2 Nf8 11. Be2 h5 12. h4 N8h7 13. Be3 Rf8 14. g4 Bd7 15. O-O-O
a6 16. g5 Ne8 17. Kb1 f5 18. gxf6 Bxf6 19. Bh6 Bg7 20. Rdg1 Rf6 21. Be3 Bf8 22.
f4 Ng7 23. Rg2 Qf7 24. Nd3 Re8 25. fxe5 dxe5 26. c5 Qe7 27. d6 Qe6 28. Nd5 1-0

[Event "Indywidualne Mistrzostwa Polski Juniorow do lat 18 - Dziewczeta"]
[Site "Szklarska Poreba"]
[Date "1899-12-30"]
[Round "1.12"]
[White "Kindler, Karolina"]
[Black "Leczek, Weronika"]
[Result "0-1"]
[WhiteTitle "I++"]
[BlackTitle "k"]
[WhiteElo "1604"]
[BlackElo "1823"]

1. e4 c5 2. Nf3 Nc6 3. d4 cxd4 4. Nxd4 Nf6 5. Nc3 d6 6. g3 g6 7. Bg2 Bd7 8. O-O
Bg7 9. Nde2 O-O 10. Nf4 Rb8 11. Nfd5 b5 12. Nxf6+ Bxf6 13. Nd5 Bg7 14. c3 b4 15.
cxb4 Nxb4 16. Nxb4 Rxb4 17. Rb1 Bc6 18. Qc2 Qa8 19. Re1 Rc8 20. a3 Rbb8 21. Qd2
Qb7 22. b4 Ba4 23. Qd5 Qxd5 24. exd5 Bc2 25. Rb2 Bxb2 26. Bxb2 Kf8 27. Bd4 Rc7
28. Rc1 Rbc8 29. Be3 Ba4 30. Re1 a6 31. Bh6+ Kg8 32. Bh3 Re8 33. Bf4 Kg7 34. Bf1
Ra8 35. Bg5 f6 36. Bd2 Bb3 37. Bg2 Kf7 38. Re3 Rc2 39. Be1 Rc1 40. Bf3 Bd1 41.
Bg2 Rb1 42. Bh3 Rb3 43. Be6+ Kf8 44. Re4 Rxa3 45. Bd2 Bf3 46. Re1 Rd3 47. Bh6+
Ke8 48. Bg7 Bxd5 49. Bxd5 Rxd5 50. Bxf6 Ra7 51. Bb2 Rb7 52. Ba3 Rd3 53. Ra1 Rb6
54. Kg2 d5 55. Bc1 Rd1 56. Be3 Rxa1 57. Bxb6 Kd7 58. Kf3 Kc6 59. Bd8 e5 60. Be7
Rb1 61. Ke3 Rb3+ 62. Ke2 Kb5 63. Bd6 e4 64. h4 Rxb4 65. Bxb4 Kxb4 0-1

[Event "Indywidualne Mistrzostwa Polski Juniorow do lat 18 - Dziewczeta"]
[Site "Szklarska Poreba"]
[Date "1899-12-30"]
[Round "1.13"]
[White "Buchta, Agnieszka"]
[Black "Hryn, Zofia"]
[Result "1-0"]
[WhiteTitle "I++"]
[BlackTitle "I++"]
[WhiteElo "1792"]
[BlackElo "1592"]

1. e4 c5 2. Nf3 e6 3. d4 cxd4 4. Nxd4 Nc6 5. Nc3 Qc7 6. f4 a6 7. Nxc6 bxc6 8. e5
d5 9. exd6 Bxd6 10. Ne4 Bxf4 11. Bxf4 Qxf4 12. Qd4 Qh6 13. Rd1 Qh4+ 14. g3 Qe7
15. Qxg7 f6 16. Nd6+ 1-0

[Event "Indywidualne Mistrzostwa Polski Juniorow do lat 18 - Dziewczeta"]
[Site "Szklarska Poreba"]
[Date "1899-12-30"]
[Round "1.14"]
[White "Surpeta, Julia"]
[Black "Pyzio, Amelia"]
[Result "1-0"]
[WhiteTitle "I++"]
[BlackTitle "I++"]
[WhiteElo "1583"]
[BlackElo "1760"]

1. c4 c5 2. Nc3 Nc6 3. Nf3 Nf6 4. g3 g6 5. Bg2 Bg7 6. O-O O-O 7. d3 a6 8. a3 Rb8
9. Rb1 b5 10. cxb5 axb5 11. b4 cxb4 12. axb4 d6 13. Bd2 Bd7 14. Qc1 Qb6 15. Be3
Qc7 16. Nxb5 Rxb5 17. Nd4 Qb8 18. Bxc6 Bxc6 19. Nxc6 Qb7 20. Qc4 Nd5 21. Bd2 Rc8
22. Rfc1 Bf6 23. e4 Nc3 24. Rxc3 Bxc3 25. Nxe7+ Qxe7 26. Qxc8+ Qf8 27. Qxf8+ Kxf8
28. Bxc3 1-0

[Event "Indywidualne Mistrzostwa Polski Juniorow do lat 18 - Dziewczeta"]
[Site "Szklarska Poreba"]
[Date "1899-12-30"]
[Round "1.15"]
[White "Skiba, Aleksandra"]
[Black "Samujlo, Agnieszka"]
[Result "1/2-1/2"]
[WhiteTitle "I++"]
[BlackTitle "I++"]
[WhiteElo "1743"]
[BlackElo "1419"]

1. d4 Nf6 2. Nf3 e6 3. Bf4 Be7 4. h3 b6 5. e3 Bb7 6. Bd3 d6 7. Nbd2 Nbd7 8. e4
O-O 9. O-O c5 10. c3 Qc7 11. e5 dxe5 12. dxe5 Nd5 13. Bg3 Rfd8 14. Qe2 Nf8 15.
a3 Qd7 16. Bb5 Bc6 17. Bxc6 Qxc6 18. c4 Nc7 19. Ne4 Rd7 20. Rfd1 Rad8 21. Nd6
Ne8 22. Nxe8 Rxd1+ 23. Rxd1 Qxe8 24. Rd2 h6 25. Kf1 Nh7 26. Qd1 Rxd2 27. Qxd2
Ng5 28. Nxg5 Bxg5 29. f4 Qd8 30. Ke2 Qxd2+ 31. Kxd2 Be7 32. Kc3 Kf8 33. Kb3 Ke8
34. Ka4 a6 35. b4 Kd7 36. Bf2 Kc6 37. Kb3 b5 1/2-1/2

[Event "Indywidualne Mistrzostwa Polski Juniorow do lat 18 - Dziewczeta"]
[Site "Szklarska Poreba"]
[Date "1899-12-30"]
[Round "1.16"]
[White "Bohdanowicz, Nikola"]
[Black "Michalska, Aleksandra"]
[Result "0-1"]
[WhiteTitle "I"]
[BlackTitle "I++"]
[WhiteElo "1402"]
[BlackElo "1741"]

1. d4 d5 2. c4 dxc4 3. e3 Nf6 4. Bxc4 e6 5. Nf3 c5 6. O-O Nc6 7. Nc3 a6 8. d5 exd5
9. Nxd5 Bd6 10. Nxf6+ Qxf6 11. h3 O-O 12. Qd5 Nb4 13. Qg5 Qxg5 14. Nxg5 b5 15.
Be2 Bf5 16. Bd2 Be7 17. h4 h6 18. Nf3 Be4 19. a3 Nd3 20. Bc3 c4 21. Rfd1 Rad8
22. g3 Nc5 23. Bb4 Rfe8 24. Nd4 Na4 25. Bxe7 Rxe7 26. f3 Bg6 27. Rd2 Rxe3 28.
Rad1 Rxd4 29. Rxd4 Rxe2 30. Rd8+ Kh7 31. Ra8 Bd3 32. Rxa6 Nxb2 33. Rc1 c3 34.
Rxc3 b4 35. Rxd3 Nxd3 36. axb4 Nxb4 37. Ra7 Kg6 38. g4 Nd5 39. h5+ Kf6 40. Ra5
Ne3 41. Ra3 Kg5 42. Ra1 Kf4 43. Ra7 Kg3 44. Ra1 Kxf3 45. Kh1 Nxg4 46. Rf1+ Kg3
47. Rg1+ Kh3 48. Rf1 Rh2+ 49. Kg1 Rg2+ 50. Kh1 Nf2+ 51. Rxf2 Rxf2 52. Kg1 Ra2
0-1

[Event "Indywidualne Mistrzostwa Polski Juniorow do lat 18 - Dziewczeta"]
[Site "Szklarska Poreba"]
[Date "1899-12-30"]
[Round "1.17"]
[White "Gredka, Dominika"]
[Black "Dixa, Joanna"]
[Result "1/2-1/2"]
[WhiteTitle "I++"]
[BlackTitle "I"]
[WhiteElo "1732"]
[BlackElo "1337"]

1. e4 c5 2. Nf3 e6 3. c3 d5 4. exd5 Qxd5 5. d4 Nc6 6. Be2 cxd4 7. cxd4 Nf6 8. O-O
Be7 9. Nc3 Qd6 10. Nb5 Qd8 11. Bf4 Nd5 12. Bg3 a6 13. Nc3 O-O 14. Bd3 Nf6 15.
a3 b6 16. Rc1 Bb7 17. Bb1 Nb8 18. Qd3 Nbd7 19. Ng5 h6 20. Nge4 Re8 21. Bd6 Nxe4
22. Bxe7 Qxe7 23. Nxe4 Nf8 24. Qg3 Rac8 25. Nd6 Rxc1 26. Rxc1 Rd8 27. Nxb7 Qxb7
28. Rc7 Qd5 29. Qf4 e5 30. Qe3 Qxd4 31. Qxd4 exd4 32. Ba2 Ne6 33. Bxe6 fxe6 34.
Kf1 Rd6 35. Ke2 Kh7 36. Kd3 Kg6 37. f3 Kf6 38. Rc4 e5 39. Rc8 Ke7 40. Rc7+ Rd7
41. Rc6 Rd6 42. Rc7+ Kf6 43. Rc8 1/2-1/2

[Event "Indywidualne Mistrzostwa Polski Juniorow do lat 18 - Dziewczeta"]
[Site "Szklarska Poreba"]
[Date "1899-12-30"]
[Round "1.18"]
[White "Borsuk, Aleksandra"]
[Black "Karlyk, Maria"]
[Result "0-1"]
[WhiteTitle "I"]
[BlackTitle "I"]
[WhiteElo "1307"]
[BlackElo "1725"]

1. e4 c5 2. g3 d6 3. Bg2 Nc6 4. d3 Nf6 5. Nf3 e6 6. Be3 Qc7 7. Nbd2 d5 8. exd5
exd5 9. Qe2 Be6 10. c3 Bd6 11. O-O O-O 12. d4 c4 13. b3 b5 14. Rfe1 Rfe8 15. Qd1
Rac8 16. b4 a5 17. a3 a4 18. Bg5 Nd7 19. Nf1 h6 20. Bd2 Nf6 21. Ne3 Qd7 22. Qc1
Bh3 23. Nh4 Bxg2 24. Kxg2 Ne7 25. Qd1 Bc7 26. Qf3 Ne4 27. Red1 Ng5 28. Qg4 Qxg4
29. Nxg4 Ne4 30. Nf3 f5 31. Nge5 Bxe5 32. Nxe5 Nc6 33. Nd7 Rcd8 34. Nc5 Re7 35.
Nxe4 fxe4 36. Re1 Rf7 37. Rf1 Rf3 38. Rae1 Rd3 39. Re2 Rf8 40. Be1 Rff3 41. Rc2
Ne7 42. g4 Rf4 43. h3 Rff3 44. Rh1 Ng6 45. Bd2 Nh4+ 46. Kf1 Rxh3 47. Rxh3 Rxh3
48. Be3 Rh1+ 49. Ke2 Nf3 50. Rc1 Rh4 51. g5 hxg5 52. Kf1 Kf7 53. Kg2 Kf6 54. Rh1
Kf5 55. Rh3 Ne1+ 56. Kh2 Kg4 57. Rxh4+ gxh4 58. Bc1 g5 59. Be3 Nf3+ 60. Kg2 Ne1+
61. Kh2 h3 62. Kh1 Ng2 63. Bd2 Nf4 0-1

[Event "Indywidualne Mistrzostwa Polski Juniorow do lat 18 - Dziewczeta"]
[Site "Szklarska Poreba"]
[Date "1899-12-30"]
[Round "1.19"]
[White "Choinska, Debora"]
[Black "Borek, Dominika"]
[Result "1-0"]
[WhiteTitle "I++"]
[BlackTitle "I"]
[WhiteElo "1717"]
[BlackElo "1282"]

1. e4 e5 2. Nf3 Nc6 3. Bc4 Bc5 4. d3 d6 5. c3 Nf6 6. O-O Bg4 7. h3 Bh5 8. Nbd2
O-O 9. Bb3 h6 10. Re1 Nh7 11. Nf1 Qf6 12. Ng3 Bxf3 13. Qxf3 Qxf3 14. gxf3 Ne7
15. a4 a6 16. Be3 Bxe3 17. fxe3 Kh8 18. Rf1 Rad8 19. f4 exf4 20. Rxf4 Nf6 21.
Raf1 Ng6 22. R4f2 Rde8 23. Nf5 Nh5 24. Bd1 Nf6 25. Nxg7 Kxg7 26. Rxf6 Re5 27.
Bb3 Nh8 28. R6f5 f6 29. Kh2 Ng6 30. Rg1 Kh7 31. Bc2 Nh4 32. Rf2 Rg5 33. Rxg5 hxg5
34. Kg3 Kg7 35. Kg4 Re8 36. Re2 Re7 37. b4 Re8 38. c4 Ng6 39. d4 Nh4 40. Bd3 Kf7
41. a5 c6 42. d5 Ng6 43. Kg3 Ne5 44. Bb1 Nxc4 45. dxc6 bxc6 46. Bd3 Ne5 47. Bxa6
Ra8 48. Bb7 Ra7 49. a6 Ke7 50. Rc2 Kd7 51. Rf2 Ke7 52. Rb2 Nc4 53. Rc2 d5 54.
exd5 cxd5 55. Bxd5 Na3 56. Rc6 Nb5 57. Bc4 Nd6 58. Bd3 Kd7 59. b5 Ra8 60. Rc2
Kd8 61. b6 Rb8 62. b7 Nxb7 63. axb7 Rxb7 64. e4 Re7 65. Rc6 Rf7 66. Kg4 Kd7 67.
Ra6 Rf8 68. Kf5 Ke7 69. Re6+ Kd7 70. Rxf6 1-0

[Event "Indywidualne Mistrzostwa Polski Juniorow do lat 18 - Dziewczeta"]
[Site "Szklarska Poreba"]
[Date "1899-12-30"]
[Round "2.1"]
[White "Kulpa, Zuzanna"]
[Black "Sliwicka, Alicja"]
[Result "1/2-1/2"]
[WhiteTitle "I++"]
[BlackTitle "WIM"]
[WhiteElo "1870"]
[BlackElo "2264"]

1. d4 Nf6 2. c4 c5 3. d5 b5 4. Qc2 e6 5. e4 bxc4 6. Bxc4 Bb7 7. Nc3 exd5 8. exd5
d6 9. Nge2 Be7 10. O-O O-O 11. Bf4 Nbd7 12. b3 Nb6 13. Rad1 Ne8 14. Ng3 Bf6 15.
Nge4 Bxc3 16. Nxc3 f5 17. Qd3 Qf6 18. Qg3 Qf7 19. Rfe1 Rd8 20. Qg5 Qf6 21. Re6
Qxg5 22. Bxg5 Nf6 23. Bf4 Nc8 24. Nb5 Ne8 25. Bg5 Rd7 26. Rde1 Nc7 27. Nxc7 Rxc7
28. Bf4 Rd8 29. Bg5 Rf8 30. Bf4 Rd8 31. Bg5 1/2-1/2

[Event "Indywidualne Mistrzostwa Polski Juniorow do lat 18 - Dziewczeta"]
[Site "Szklarska Poreba"]
[Date "1899-12-30"]
[Round "2.2"]
[White "Kucharska, Honorata"]
[Black "Buchta, Agnieszka"]
[Result "1/2-1/2"]
[WhiteTitle "WFM"]
[BlackTitle "I++"]
[WhiteElo "2089"]
[BlackElo "1792"]

1. e4 e5 2. Nf3 Nc6 3. Bb5 a6 4. Ba4 Nf6 5. d3 b5 6. Bb3 Be7 7. O-O d6 8. c3 O-O
9. h3 Na5 10. Bc2 c5 11. Nbd2 Nc6 12. Re1 Re8 13. Nf1 h6 14. Ng3 Bf8 15. Nh2 d5
16. Qf3 d4 17. Bd2 dxc3 18. bxc3 b4 19. Ba4 Bd7 20. Bxc6 Bxc6 21. Nhf1 bxc3 22.
Bxc3 Nh7 23. Nd2 Ng5 24. Qe3 Bb5 25. Nc4 Bxc4 26. dxc4 f6 27. Red1 Qc7 28. Nf5
Red8 29. Rd5 Ne6 30. Qd2 Qc6 31. Ba5 Rdb8 32. Re1 Nd4 33. Rc1 Rb7 34. Bc3 Rab8
35. Qd1 Rb6 36. Bxd4 cxd4 37. Qg4 Kh8 38. Kh2 Qc7 39. c5 Rc6 40. Nh4 Qc8 41. Rd7
Qe8 42. Ng6+ 1/2-1/2

[Event "Indywidualne Mistrzostwa Polski Juniorow do lat 18 - Dziewczeta"]
[Site "Szklarska Poreba"]
[Date "1899-12-30"]
[Round "2.3"]
[White "Leczek, Weronika"]
[Black "Rudzinska, Michalina"]
[Result "1/2-1/2"]
[WhiteTitle "k"]
[BlackTitle "WFM"]
[WhiteElo "1823"]
[BlackElo "2065"]

1. e4 c5 2. Nf3 e6 3. d4 cxd4 4. Nxd4 a6 5. Bd3 Qb6 6. Nb3 Qc7 7. Be3 Nf6 8. O-O
d6 9. Nc3 Be7 10. f4 Nbd7 11. Qf3 O-O 12. a4 b6 13. Rae1 Bb7 14. Qg3 Rfe8 15.
Nd4 Nc5 16. Bd2 Rad8 17. Kh1 d5 18. exd5 Nxd5 19. Nf3 Nxd3 20. cxd3 Bf6 21. Ne5
Nxc3 22. Bxc3 Rd5 23. Rc1 Qd8 24. Rfd1 g6 25. Qe3 Bg7 26. h3 b5 27. axb5 Rxb5
28. Rd2 Qd5 29. Kh2 Rd8 30. Ra1 Qc5 31. Qe2 Bh6 32. Ra4 1/2-1/2

[Event "Indywidualne Mistrzostwa Polski Juniorow do lat 18 - Dziewczeta"]
[Site "Szklarska Poreba"]
[Date "1899-12-30"]
[Round "2.4"]
[White "Kaczmarska, Joanna"]
[Black "Choinska, Debora"]
[Result "0-1"]
[WhiteTitle "k+"]
[BlackTitle "I++"]
[WhiteElo "2048"]
[BlackElo "1717"]

1. e4 d6 2. d4 Nf6 3. Nc3 Nbd7 4. Nf3 e5 5. Bc4 Be7 6. a4 b6 7. d5 Bb7 8. a5 a6
9. O-O b5 10. Bd3 O-O 11. g3 c6 12. dxc6 Bxc6 13. Qe1 Nc5 14. b4 Nxd3 15. cxd3
Bd7 16. Qd2 Bg4 17. Qe3 d5 18. Na2 d4 19. Qe2 Qc8 20. Re1 Bd6 21. h3 Bxh3 22.
Ng5 h6 23. Nxh3 Qxh3 24. Qf3 Rac8 25. Re2 Nd7 26. Qg2 Qxg2+ 27. Kxg2 Rc7 28. g4
f6 29. Bb2 Rfc8 30. Rd1 Nf8 31. Kf3 Kf7 32. Rdd2 Ne6 33. Re1 Nf4 34. Rc1 Rxc1
35. Bxc1 Bxb4 36. Nxb4 Rxc1 37. Kg3 Ra1 38. Nxa6 Rxa5 39. Nc5 Ra3 40. f3 Rc3 41.
Nb7 b4 42. Nd6+ Kg8 43. Nf5 Rxd3 44. Ra2 b3 45. Ra8+ Kh7 46. Ra7 Ne6 47. Rb7 Rc3
48. Ne7 Rc7 49. Rxb3 Rxe7 50. Rb5 Nf4 51. Kf2 Rc7 52. Ke1 Rc3 53. Kf2 d3 54. Rb7
Rc2+ 55. Ke1 Re2+ 56. Kf1 d2 57. Rb1 Kg6 58. Rd1 Kg5 0-1

[Event "Indywidualne Mistrzostwa Polski Juniorow do lat 18 - Dziewczeta"]
[Site "Szklarska Poreba"]
[Date "1899-12-30"]
[Round "2.5"]
[White "Michalska, Aleksandra"]
[Black "Frej, Zofia"]
[Result "1/2-1/2"]
[WhiteTitle "I++"]
[BlackTitle "k"]
[WhiteElo "1741"]
[BlackElo "2010"]

1. e4 c5 2. c4 Nc6 3. Nc3 g6 4. Nf3 Bg7 5. Be2 e6 6. d3 Nge7 7. O-O d5 8. exd5
exd5 9. Bf4 O-O 10. Qd2 Be6 11. Rab1 Qd7 12. Rfd1 Rad8 13. a3 Bf5 14. Rbc1 Na5
15. Qe1 Nb3 16. Rb1 a6 17. h3 Nd4 18. Nxd4 cxd4 19. Nxd5 Nxd5 20. cxd5 Qxd5 21.
Qb4 a5 22. Qb6 Qe6 23. Qxe6 Bxe6 24. Bf3 b5 25. Bc7 Rc8 26. Bxa5 Bb3 27. Re1 Bc2
28. Rbc1 Bxd3 29. b3 h5 30. Bd5 Bf6 31. Bb6 Bf5 32. Rcd1 Bc2 33. Bxd4 Bxd1 34.
Bxf6 Bc2 35. Re3 Rfe8 36. Rxe8+ Rxe8 37. Bc3 Be4 38. Bxe4 Rxe4 39. Kf1 Kf8 40.
Bd2 f5 41. f3 Rd4 42. Ke2 f4 43. Bc3 Rd5 44. h4 g5 45. hxg5 Rxg5 46. Kf2 Kf7 47.
Bd2 Rf5 48. a4 bxa4 49. bxa4 Ke6 50. g3 fxg3+ 51. Kxg3 Rd5 52. Be1 Kf5 53. a5
Rd1 54. Bf2 Ra1 55. Bb6 Ke5 1/2-1/2